000 00982nam a22002657a 4500
001 BD-DhSAU 9278
003 BD-DhSAU
005 20260124115532.0
008 150613b2018 bg a|||| m||| 00| 0 eng d
040 _aBD-DhSAU
082 _222
_a635
_bR124
100 _aISLAM, MD. RAFIQUL
_eRegistration # 17-07857
245 _aEffect of potassium and seedling age on growth and yield of tomato /
_bMS thesis
260 _aSher-e-Bangla Agricultural University :
_bDepartment of Horticulture,
_c2024.
300 _ax, 93p. :
_bill. ;
_c30 cm.
500 _aMS thesis of Department of Horticulture, Faculty of Agriculture, Sher-e-Bangla Agricultural University, Dhaka, Bangladesh
504 _aIncludes bibliographical reference.
590 _aNazmul
650 _apotassium and seedling age
650 _atomato
700 _aProf. Md. Hasanuzzaman Akand
_eSuperviser
700 _aAssist. Prof. Md. Rezwan Sarker
_eCo-superviser
942 _2ddc
_cTHESIS
999 _c18216
_d18215